| 000 | 01026nam a2200301 i 4500 | ||
|---|---|---|---|
| 001 | 54741 | ||
| 003 | ES-MaACL | ||
| 005 | 20250415213633.0 | ||
| 007 | t| | ||
| 008 | 040113s2002 sp ||||0| spa d | ||
| 020 | _a84-493-1297-3 | ||
| 040 |
_aM-BN _bspa _cM-BN |
||
| 080 | _a16 | ||
| 100 | 1 |
_aQuine, Willard Van Orman. _9182518 |
|
| 245 | 1 | 0 |
_aDesde un punto de vista lógico / _cWillard Van Orman Quine ; [traducción de Manuel Sacristán ; prólogo a la nueva edición castellana de Jesús Mosterín]. |
| 250 |
_a2ª ed. rev _bcon un nuevo prólogo del autor. |
||
| 260 |
_aBarcelona : _bPaidós Ibérica, _c[2002] |
||
| 300 |
_a258 p ; _c22 cm. |
||
| 490 | 1 |
_aPaidós básica ; _v115 |
|
| 504 | _aBibliografía: p. [243]-248. Indice. | ||
| 650 | 4 |
_aLógica. _914693 |
|
| 700 | 1 |
_aSacristán, Manuel, _d1925-1985 _9101268 |
|
| 700 | 1 |
_aMosterín, Jesús. _983812 |
|
| 830 | 0 |
_aPaidós básica ; _v115 _9178397 |
|
| 852 |
_aES-MaACL _jL-26813 _bR.132390 |
||
| 999 |
_c54741 _d54741 |
||